000 02128nam a22002177a 4500
008 251003b |||||||| |||| 00| 0 eng d
020 _a9780593797495
040 _ctbs
041 _aeng
050 _aP53.4115
_b.W96 2024
100 _aWyner, Gabriel
_925992
_eauthor
245 _aFluent forever
_c/ Gabriel Wyner.
260 _aNew York, NY :
_bHarmony,
_c2024.
300 _axvi, 394 pages :
_billustrations, tables (black and white) ;
_c24 cm.
520 _aGabriel Wyner speaks seven languages fluently. He didn't learn them in school-who does? Rather, he mastered each one on his own, drawing on free online resources, quick daily practice sessions, and his knowledge of neuroscience and linguistics. In Fluent Forever, Gabe shares his foolproof method for learning any language. It starts by hacking the way your brain naturally encodes information. You'll begin by learning how to hear new sounds and training your tongue to produce them accurately. You'll connect spellings and sounds to images rather than rely on translation exercises so that you start thinking in a new language. With the help of spaced-repetition systems, you'll build a foundation for your language in one week and learn hundreds of words a month-with just a few minutes of practice each day. This revised edition also shares fresh strategies that Gabe has refined over years of study. You'll learn how to: Use your interests to curate vocabulary that you'll actually be excited to study; Pick up the subtleties of your target language by conversing with native speakers; Fast-track fluency with a new appendix devoted to conversation strategies with native speakers; Compile the best language-learning tool kit for your budget; Harness the science of motivation and habit building to turbocharge your progress; Find the perfect level of difficultly with reading and listening comprehension to stay engaged and avoid frustration.
650 0 _aFluency (Language learning)
_925993
650 0 _aCommunicative competence
_925994
650 0 _aLanguage and languages
_xStudy and teaching
_925211
650 0 _aMultilingualism
_925995
942 _2lcc
999 _c5001
_d5001